Normal view MARC view
  • British Standards Institution

Entry Corporate Name

Number of records used in: 4

001 - CONTROL NUMBER

  • control field: 32410

003 - CONTROL NUMBER IDENTIFIER

  • control field: NUST

005 - DATE AND TIME OF LATEST TRANSACTION

  • control field: 20201019100303.0

008 - FIXED-LENGTH DATA ELEMENTS

  • fixed length control field: 201019|| aca||aabn | a|a d

040 ## - CATALOGING SOURCE

  • Original cataloging agency: NUST
  • Transcribing agency: NUST

110 ## - HEADING--CORPORATE NAME

  • Corporate name or jurisdiction name as entry element: British Standards Institution

670 ## - SOURCE DATA FOUND

  • Source citation: Work cat.: (NUST)250: Garrett, R. H. 32408, Hot and cold water supply /, 2008.
© 2023 Central Library, National University of Sciences and Technology. All Rights Reserved.